<?xml version="1.0" encoding="UTF-8"?>
<record
    xmlns:xsi="http://www.w3.org/2001/XMLSchema-instance"
    xsi:schemaLocation="http://www.loc.gov/MARC21/slim http://www.loc.gov/standards/marcxml/schema/MARC21slim.xsd"
    xmlns="http://www.loc.gov/MARC21/slim">

  <leader>00920nam0a2200265   4500</leader>
  <controlfield tag="001">RU\NLR\bibl\238604</controlfield>
  <controlfield tag="005">20250619113156.0</controlfield>
  <datafield tag="035" ind1=" " ind2=" ">
    <subfield code="a">(NLR Aleph) 000234500</subfield>
  </datafield>
  <datafield tag="090" ind1=" " ind2=" ">
    <subfield code="a">1365358</subfield>
    <subfield code="c">1365358</subfield>
  </datafield>
  <datafield tag="100" ind1=" " ind2=" ">
    <subfield code="a">20020315d2001    |||y0rusy50      ca</subfield>
  </datafield>
  <datafield tag="101" ind1="0" ind2=" ">
    <subfield code="a">rus</subfield>
  </datafield>
  <datafield tag="102" ind1=" " ind2=" ">
    <subfield code="a">RU</subfield>
  </datafield>
  <datafield tag="105" ind1=" " ind2=" ">
    <subfield code="a">ac  |||||||||</subfield>
  </datafield>
  <datafield tag="200" ind1="1" ind2=" ">
    <subfield code="a">&#x412;&#x435;&#x447;&#x43D;&#x43E;&#x441;&#x442;&#x44C; &#x431;&#x435;&#x437; &#x432;&#x43E;&#x437;&#x440;&#x430;&#x441;&#x442;&#x430;</subfield>
    <subfield code="e">&#x421;&#x442;&#x438;&#x445;&#x438;</subfield>
    <subfield code="f">&#x41E;&#x43B;&#x44C;&#x433;&#x430; &#x428;&#x438;&#x431;&#x435;&#x440;</subfield>
    <subfield code="g">&#x425;&#x443;&#x434;&#x43E;&#x436;. &#x42E;&#x43B;&#x438;&#x44F; &#x411;&#x438;&#x43A;&#x442;&#x438;&#x43C;&#x438;&#x440;&#x43E;&#x432;&#x430;</subfield>
  </datafield>
  <datafield tag="210" ind1=" " ind2=" ">
    <subfield code="a">&#x421;&#x41F;&#x431;.</subfield>
    <subfield code="c">&#x427;&#x435;&#x442;&#x432;&#x435;&#x440;&#x433;</subfield>
    <subfield code="a">&#x427;&#x438;&#x442;&#x430;</subfield>
    <subfield code="c">&#x411;.&#x438;.</subfield>
    <subfield code="d">2001</subfield>
  </datafield>
  <datafield tag="215" ind1=" " ind2=" ">
    <subfield code="a">138 &#x441;.</subfield>
    <subfield code="c">&#x438;&#x43B;., &#x43F;&#x43E;&#x440;&#x442;&#x440;.</subfield>
    <subfield code="d">14</subfield>
  </datafield>
  <datafield tag="686" ind1=" " ind2=" ">
    <subfield code="a">&#x428;6(2=&#x420;)75-5</subfield>
  </datafield>
  <datafield tag="700" ind1=" " ind2="1">
    <subfield code="4">070</subfield>
    <subfield code="7">ca</subfield>
    <subfield code="8">rus</subfield>
    <subfield code="a">&#x428;&#x438;&#x431;&#x435;&#x440;</subfield>
    <subfield code="b">&#x41E;. &#x412;.</subfield>
    <subfield code="f">1982-</subfield>
    <subfield code="g">&#x41E;&#x43B;&#x44C;&#x433;&#x430; &#x412;&#x430;&#x43B;&#x435;&#x43D;&#x442;&#x438;&#x43D;&#x43E;&#x432;&#x43D;&#x430;</subfield>
    <subfield code="9">182608</subfield>
    <subfield code="3">RU\NLR\AUTH\770182659</subfield>
  </datafield>
  <datafield tag="801" ind1=" " ind2="0">
    <subfield code="a">RU</subfield>
    <subfield code="b">NLR</subfield>
    <subfield code="c">20020315</subfield>
    <subfield code="g">PSBO</subfield>
  </datafield>
  <datafield tag="801" ind1=" " ind2="1">
    <subfield code="a">RU</subfield>
    <subfield code="b">NLR</subfield>
    <subfield code="c">20020315</subfield>
  </datafield>
  <datafield tag="942" ind1=" " ind2=" ">
    <subfield code="c">BOOK</subfield>
  </datafield>
  <datafield tag="980" ind1=" " ind2=" ">
    <subfield code="a">NB</subfield>
  </datafield>
  <datafield tag="995" ind1=" " ind2=" ">
    <subfield code="5">2002-03-15</subfield>
    <subfield code="a">ab</subfield>
    <subfield code="b">NLR01</subfield>
    <subfield code="c">NLR01</subfield>
    <subfield code="e">RF8</subfield>
    <subfield code="f">232596</subfield>
    <subfield code="k">2002-1/231</subfield>
    <subfield code="o">0</subfield>
    <subfield code="r">BOOK</subfield>
    <subfield code="s">20021231_</subfield>
  </datafield>
</record>
